1169 1188 1472 1815 1948 1623 1849 1909 1524 1158 1323 1413 1993 1674 1867 1672 1845 1353 1923 1060 1072 1590 1522 1163 1410 1216 1785 1785 1706 1216 1831 1609 1749 1992 1131 1542 1735 1126 1630 1303 1611 1775 1149 1173 1017 1429 1278 1523 1000 1699 1566 1337 1372 1558 1752 1043 1380 1759 1377 1385 1322 1242 1852 1629 1279 1986 1569 1146 1785 1944 1565 1900 1804 1475 1591 1576 1675 1515 1583 1379 1472 1707 1687 1982 1557 1008 1911 1066 1567 1896 1402 1071 1290 1604 1731 1734 1347 1242 1294 BCNSPRNW ULIB Ver.6.0+V

เปลี่ยนเป็นภาษาไทย

Change to English
 แสดงรายละเอียดบรรณานุกรม
  กลับหน้าหลัก

Brief Record : Get Marc (ISO 2709) : E-mail record : QR code < ปิดหน้าต่าง
LEADER : 00000nam 2200000uu 4500
001    13399115111
003     ULIB
008    110627s2550||||th 000 0 tha d
020    978974788412
082 04 นว.^bว328ห
090    นว.^bว328ห
100 0  วรินดา อลอนโซ
245 00 Chocolat chaud a Paris = เหตุเกิดที่ร้านช็อกโกแลต/^cวรินดา อลอนโซ
260    กรุงเทพฯ :^bเนชั่นบุ๊คส์,^c2550
300    302 หน้า
710 1  เนชั่นบุ๊คส์
945    ^p225^l0^i022027
995    ทศพร
999 ^a ใช้งานได้ทุกระบบ
รายการนี้ยังไม่มีแท็ก
คุณยังไม่ได้ล็อกอิน คุณสามารถมีกิจกรรมร่วมกับเว็บไซต์ได้ แต่ต้องล็อกอินก่อน ::
  ล็อกอิน

รายการสื่อสารสนเทศ

ลำดับที่ ประเภท เลขเรียก/บาร์โค้ด สถานที่ สถานะ
1. นวนิยาย
นวนิยาย
นว. ว328หนว. ว328ห ฉ.1 
  Barcode: 022027
ห้องสมุดวิทยาเขตสวรรค์ประชารักษ์
►นวนิยาย
บนชั้น
  ขอยืม

BibComment


ยังไม่เคยถูกคอมเมนท์

คอมเมนท์ทรัพยากรรายการนี้
  คอมเมนท์: Chocolat chaud a ..


 Copyright 2026. Bcnsprnw @Library